000
00278nam a22001217a 4500
008
170815b xxu||||| |||| 00| 0 eng d
041
_a
eng
080
_a
311
100
_a
36
101
_a
STA
245
_a
PRINCIPLES AND PROCEDURES OF STATISTICS
_c
STEEL,R.G
942
_2
udc
_c
BK
999
_c
23484
_d
23484